000 00894nam a22002537a 4500
005 20110810113757.0
008 110810t xxu||||| |||| 00| 0 eng d
010 _aENG-103461
020 _a9788189399337
_c650.00
035 _aEN-86994
037 _bDBAD/PUB
040 _aDPL
_bEng
082 _a880.8
100 _931629
_aTiwari, Rekha
245 _aMotherhood as experience and institution :
_cby Rekha Tiwari
_bnovels of Shashi Deshpande /
260 _aDelhi
_bSubhadra Publishers
_c2011
270 _aB-216 Chandunagar, Karawal Nagar Road
_bDelhi
_e110094
300 _a231p.
_c22cm (Hb)
500 _aincludes bibliographical references
650 _931639
700 _931640
942 _2ddc
_cEN
_mTIW
_h880.8
999 _c55537
_d55537